Financial and macroeconomic connectedness (Registro nro. 301000)

Detalles MARC
000 -ENCABEZADO
Número de control [NR] 00927nam a2200241 a 4500
005 - FECHA Y HORA DE LA ÚLTIMA TRANSACCIÓN
control field 20151007100808.0
008 - DE LONGITUD FIJA DE DATOS DE ELEMENTOS - INFORMACIÓN GENERAL
Elementos de longitud fija [NR] 151007s2015 xxu frb 001 0 eng d
020 ## - NUMERO INTERNACIONAL NORMALIZADO PARA LIBROS [R]
Número Internacional Normalizado del libro [NR] 9780199338290
020 ## - NUMERO INTERNACIONAL NORMALIZADO PARA LIBROS [R]
Número Internacional Normalizado del libro [NR] 9780199338306
040 ## - FUENTE DE CATALOGACION [NR]
Agencia de catalogación original [NR] CO-BoUCM
Idioma de catalogación [NR] spa
Quien Cataloga David Avila
Quien Clasifica David Avila
041 0# - CODIGO DE IDIOMA [R]
Código de idioma para texto/pista de sonido o título separado [R] Inglés
100 1# - ASIENTO PRINCIPAL--NOMBRE PERSONAL [NR]
Nombre personal [NR] Diebold, Francis X.
Fechas asociadas con el nombre [NR] 1959-
ID Autoridad 72119
245 10 - MENCION DE TITULO [NR]
Título [NR] Financial and macroeconomic connectedness
Parte restante del título [NR] a network approach to measurement and monitoring
Mención de responsabilidad, etc. [NR] Francis X. Diebold and Kamil Yilmaz.
260 ## - PUBLICACION, DISTRIBUCION, ETC. (PIE DE IMPRENTA) [R]
Lugar de publicación, distribución, etc. [R] New York (Estados Unidos)
Nombre del editor, distribuidor, etc. [R] Oxford University Press
Fecha de publicación, distribución, etc. [R] [2015]
300 ## - DESCRIPCION FISICA [R]
Extensión [R] xv, 265 páginas
504 ## - NOTA DE BIBLIOGRAFIA, ETC. [R]
Nota de bibliografía, etc. [NR] Incluye referencias bibliográficas e índices
650 #0 - ASIENTO SECUNDARIO DE MATERIA - TERMINO TEMATICO [R]
Término temático o nombre geográfico como elemento de entrada [NR] Finanzas
Subdivisión general [R] Modelos econométricos
9 (RLIN) 35497
650 #0 - ASIENTO SECUNDARIO DE MATERIA - TERMINO TEMATICO [R]
Término temático o nombre geográfico como elemento de entrada [NR] Finanzas
Subdivisión general [R] Modelos matemáticos
9 (RLIN) 28042
690 ## - ASUNTO AGREGADO LOCAL DE ENTRADA - TÉRMINO TEMÁTICO (OCLC, RLIN)
9 (RLIN) 42817
Acceso temático local Finanzas
700 1# - ASIENTO SECUNDARIO - NOMBRE PERSONAL [R]
Nombre personal [NR] Yılmaz, Kamil
9 (RLIN) 72120
942 ## - ELEMENTOS DE ENTRADA AGREGADOS (KOHA)
Sistema de clasificación DEWEY
Tema principal Economía
Tipo de ítem principal el descrito en 300a Libro de referencia
Edición 1
Clasificación 332.01
Prefijo de la signatura top. (colección) Colección - Referencia
Parte restante de la signatura top. D559f
Existencias
Total préstamos Signatura topográfica Código de barras Última vez visto Ejemplar Costo de reposición Price effective from Tipo de ítem Perdido Dañado No prestable Tipo de ítem específico Suprimido Ubicación habitual Ubicación actual Localización Fecha de creación Proveedor Forma de adquisición Costo
  R 332.01 D559f 100147712 03/12/2025 Ej.1 251378.00 21/09/2015 Libro       Libro   Claustro Claustro Mezanine 21/09/2015 15 Compra 251378.00